Dirección Financiera (Registro nro. 70)

Detalles MARC
000 -LEADER
fixed length control field 01574 a2200265 4500
001 - CONTROL NUMBER
control field 94
005 - DATE AND TIME OF LATEST TRANSACTION
control field 20260407155409.0
008 - FIXED-LENGTH DATA ELEMENTS--GENERAL INFORMATION
fixed length control field 260407a2004 arg spa d
003 - CONTROL NUMBER IDENTIFIER
control field AR-UNSa-BCEJYS
040 ## - CATALOGING SOURCE
Original cataloging agency AR-UNSa-BCEJYS
Language of cataloging spa
Transcribing agency AR-UNSa-BCEJYS
080 ## - UNIVERSAL DECIMAL CLASSIFICATION NUMBER
Universal Decimal Classification number 658.15
Common auxiliary subdivision Administración financiera privada. Gestión financiera de empresas<br/>
020 ## - INTERNATIONAL STANDARD BOOK NUMBER
International Standard Book Number 978-84-481-4281-0
041 ## - LANGUAGE CODE
Language code of text/sound track or separate title spa
100 1# - MAIN ENTRY--PERSONAL NAME
Personal name Shim, Jae K.
245 10 - TITLE STATEMENT
Title Dirección Financiera
250 ## - EDITION STATEMENT
Edition statement 2a. ed
264 #1 - PRODUCTION, PUBLICATION, DISTRIBUTION, MANUFACTURE, AND COPYRIGHT NOTICE
Place of production, publication, distribution, manufacture Madrid :
Name of producer, publisher, distributor, manufacturer McGraw-Hill
Date of production, publication, distribution, manufacture, or copyright notice 2004
300 ## - PHYSICAL DESCRIPTION
Extent xii, 493 p.
Dimensions 27 cm
505 ## - FORMATTED CONTENTS NOTE
Formatted contents note 1. Introducción - 2. El análisis financiero - 3. Previsión,planificación y presupuestos financieros - 4. La gestión del capital circulante - 5. La financiación a corto plazo - 6. El valor temporal del dinero - 7. El riesgo, el rendimiento y la valoración - 8. La presupuestación de capitales (y el arrendamiento) - 9. La presupuestación de capitales bajo riesgo - 10. El coste del capital - 11. El apalancamiento y la estructura de capitales - 12. La política de dividendos - 13. Préstamo a plazo y arrendamientos - 14. El endeudamiento a largo plazo - 15. Acciones preferentes y ordinarias - 16. Warrants, convertibles, opciones y futuros - 17. Fusiones y adquisiciones - 18. La quiebra y la reorganización - 19. Las finanzas internacionales
590 ## - LOCAL NOTE (RLIN)
Local note niveau_biblio:m niveau_hierar:0
700 1# - ADDED ENTRY--PERSONAL NAME
Personal name Siegel, Joel G.
700 1# - ADDED ENTRY--PERSONAL NAME
Personal name Flamini, Esteban
856 41 - ELECTRONIC LOCATION AND ACCESS
Uniform Resource Identifier <a href="https://biblioeco.unsa.edu.ar/pmb/images/libros/Direccion financiera2-l116715.jpg">https://biblioeco.unsa.edu.ar/pmb/images/libros/Direccion financiera2-l116715.jpg</a>
Link text Imagen de portada
Electronic format type image/jpeg
942 ## - ADDED ENTRY ELEMENTS (KOHA)
Koha item type
Existencias
Withdrawn status Lost status Damaged status Not for loan Home library Current library Shelving location Date acquired Total checkouts Full call number Barcode Date last seen Price effective from Koha item type Public note
        Biblioteca Prof. Eusebio Cleto del Rey Biblioteca Prof. Eusebio Cleto del Rey   07/04/2026   658.15 S556 2ed. L116715 07/04/2026 07/04/2026 Libro MANCHADO - LÁPIZ -
        Biblioteca Prof. Eusebio Cleto del Rey Biblioteca Prof. Eusebio Cleto del Rey   07/04/2026   658.15 S556 2ed. L116716 07/04/2026 07/04/2026 Libro LÁPIZ - CANTO MANCHADO -
        Biblioteca Prof. Eusebio Cleto del Rey Biblioteca Prof. Eusebio Cleto del Rey   07/04/2026   658.15 S556 2ed. L116718 07/04/2026 07/04/2026 Libro LÁPIZ - MANCHADO - TAPA DE ATRÁS DESPEGADA -
        Biblioteca Prof. Eusebio Cleto del Rey Biblioteca Prof. Eusebio Cleto del Rey   07/04/2026   658.15 S556 2ed. L116719 07/04/2026 07/04/2026 Libro LÁPIZ - LAPICERA - CANTO INFERIOR MANCHADO - HÚMEDO EN CANTO SUPERIOR E INFERIOR - CORRECTOR PÁG VII
        Biblioteca Prof. Eusebio Cleto del Rey Biblioteca Prof. Eusebio Cleto del Rey   07/04/2026   658.15 S556 2ed. L116717 07/04/2026 07/04/2026 Libro LÁPIZ - CANTO MANCHADO -